[Event "Yerevan ol (Men)"]
[Site "Yerevan"]
[Date "1996.??.??"]
[Round "12"]
[White "Saud, Mohamed"]
[Black "Ghorbani, Mohsen"]
[Result "0-1"]
[WhiteElo "2150"]
[BlackElo "2200"]

1.d4 d5 2.Nf3 Nf6 3.c4 dxc4 4.e3 e6 5.Bxc4 c5 6.O-O a6 7.Nc3 Nc6 8.a3 b5
9.Bd3 Bb7 10.dxc5 Bxc5 11.b4 Be7 12.e4 Qc7 13.Bb2 Rd8 14.Qe2 Ng4 15.e5 Ncxe5
16.Nxe5 Qxe5 17.Qxe5 Nxe5 18.Be4 Nc6 19.Rfd1 O-O 20.Ne2 Rxd1+ 21.Rxd1 Rd8
22.Re1 Nd4 23.Bxh7+ Kxh7 24.Bxd4 Bd5 25.Bb6 Rd7 26.Rd1 Rb7 27.Bd4 Rc7 28.Nc3 Bb3
29.Rd3 Rd7 30.f4 Bc4 31.Rd1 Bb3 32.Rd3 Bc4 33.Rd1 a5 34.Bc5 Bxc5+ 35.bxc5 Rc7
36.Rc1 Kg6 37.a4 b4 38.Nb5 Rxc5 39.Nd6 b3 40.Rxc4 b2 41.Rxc5 b1=Q+ 42.Kf2 Qb6
43.Ne4 f5 44.Kg3 fxe4 45.Re5 Qe3+ 46.Kg4 Qe2+ 47.Kg3 Kf6  0-1

[Event "Zaragoza-B op"]
[Site "Zaragoza"]
[Date "1996.??.??"]
[Round "?"]
[White "Ramon Perez, Jose Luis"]
[Black "Estrada Nieto, Julian"]
[Result "0-1"]
[WhiteElo "2155"]
[BlackElo "2345"]

1.d4 d5 2.c4 dxc4 3.Nf3 Nf6 4.e3 e6 5.Bxc4 c5 6.O-O a6 7.a4 Nc6 8.Qe2 Qc7
9.Nc3 Bd6 10.dxc5 Bxc5 11.Ba2 O-O 12.Qc4 b6 13.Ne4 Nxe4 14.Qxe4 Be7 15.Bd2 Bf6
16.Rac1 Bb7 17.Bb1 g6 18.Bc3 e5 19.Qc4 Rac8 20.Qg4 Qe7 21.h4 h5 22.Qg3 Rfe8
23.Ng5 Nd8 24.Ba2 Bxg5 25.hxg5 Bc6 26.Qh4 Ne6 27.f4 exf4 28.exf4 Ng7 29.Be5 Qb4
30.Qf2 Qxa4 31.b4 Nf5 32.Qb2 Be4 33.Bb3 Qb5 34.Qa2 Qd7 35.Rcd1 Qb7 36.Ba1 b5
37.Qb2 Kh7 38.g4 Qb6+ 39.Rf2 Qe3 40.gxf5 Qg3+ 41.Rg2 Qe3+ 42.Qf2 Bxg2 43.fxg6+ Kxg6
44.Rd6+ Kf5 45.Qxe3 Rxe3 46.Bxf7 Re2 47.Rd1 Bf3 48.g6 Rg2+ 49.Kf1 Rcc2 50.g7 Bxd1
51.g8=Q Rxg8 52.Bxg8 Kxf4 53.Bf6 Bf3 54.Be7 Rd2 55.Bf6 Be4 56.Bf7 Kg4 57.Ke1 Rc2
58.Be6+ Kg3 59.Bb3 Rc3 60.Be5+ Kg2  0-1

[Event "AUT-chT2O 9798"]
[Site "Austria"]
[Date "1997.02.15"]
[Round "10"]
[White "Wukits, Rene"]
[Black "Trauner, Rudolf"]
[Result "1/2-1/2"]
[WhiteElo "2240"]
[BlackElo "2285"]

1.d4 d5 2.Nf3 Nf6 3.c4 dxc4 4.e3 e6 5.Bxc4 c5 6.O-O Nc6 7.Qe2 cxd4 8.Rd1 d3
9.Rxd3 Bd7 10.Nc3 Qc7 11.e4 Nb4 12.Rxd7 Nxd7 13.Nb5 Qb8 14.g3 Be7 15.Bf4 e5
16.Bxf7+ Kxf7 17.Qc4+ Kf8 18.Nc7 exf4 19.Ne6+ Ke8 20.Nxg7+ Kd8 21.Ne6+ Ke8
22.Ng7+ Kd8 23.Ne6+  1/2-1/2

[Event "Clarin GP-f"]
[Site "Villa Gesell"]
[Date "1997.03.06"]
[Round "4"]
[White "Hoffman, Alejandro"]
[Black "Spangenberg, Hugo"]
[Result "0-1"]
[WhiteElo "2480"]
[BlackElo "2550"]

1.d4 d5 2.c4 dxc4 3.e3 Nf6 4.Bxc4 e6 5.Nf3 c5 6.O-O a6 7.Bb3 Nc6 8.Qe2 Qc7
9.Nc3 Bd7 10.Rd1 Rd8 11.h3 h6 12.Bd2 Na5 13.Bc2 cxd4 14.exd4 Nc4 15.Ne5 Nxd2
16.Rxd2 Bb4 17.Nxd7 Rxd7 18.Ba4 b5 19.Nxb5 axb5 20.Rc2 Qb7 21.Bxb5 O-O 22.Bxd7 Qxd7
23.Qc4 Nd5 24.a3 Qa7 25.Rac1 Be7 26.g3 Bf6 27.Rd1 Rd8 28.Qc5 Qb8 29.Rd3 Ne7
30.Qc4 h5 31.h4 Rd5 32.b4 Qa7 33.Qc7 Qa6 34.Qc4 Qa4 35.Qb3 Qa7 36.b5 Bxd4
37.a4 Qa5 38.Rd1 g6 39.Rdc1 Rf5 40.Rd1 Qa7 41.Rdd2 Nd5 42.Qc4 Bb6 43.Qa2 Qb8
44.Qa3 Be3 45.fxe3 Qxg3+ 46.Rg2 Qe1+ 47.Kh2 Qxh4+ 48.Kg1 Qe1+ 49.Kh2 Rf1
50.Kh3 Rh1+ 51.Rh2 Qf1+ 52.Kg3 Rg1+  0-1

[Event "Beersheba 16th"]
[Site "Beersheba"]
[Date "1997.03.07"]
[Round "11"]
[White "Mikhalevski, Alexander"]
[Black "Kortschnoj, Viktor"]
[Result "1/2-1/2"]
[WhiteElo "2470"]
[BlackElo "2635"]

1.d4 d5 2.c4 dxc4 3.Nf3 e6 4.e3 Nf6 5.Bxc4 c5 6.Qe2 cxd4 7.exd4 a6 8.O-O Be7
9.Nc3 O-O 10.Rd1 b5 11.Bb3 Bb7 12.Bg5 Nbd7 13.d5 exd5 14.Nxd5 Bxd5 15.Bxd5 Nxd5
16.Rxd5 Bxg5 17.Nxg5 h6 18.Rad1  1/2-1/2

[Event "RUS-ch m1-2"]
[Site "Elista"]
[Date "1997.05.22"]
[Round "2.1"]
[White "Yakovich, Yuri"]
[Black "Kharlov, Andrei"]
[Result "1-0"]
[WhiteElo "2575"]
[BlackElo "2555"]

1.d4 d5 2.c4 dxc4 3.e3 Nf6 4.Bxc4 e6 5.Nf3 c5 6.Qe2 Nc6 7.O-O cxd4 8.exd4 Be7
9.Rd1 O-O 10.Nc3 Na5 11.Bd3 b6 12.Bg5 Bb7 13.Rac1 Rc8 14.Ne5 Nd5 15.Qh5 f5
16.Bd2 Nxc3 17.bxc3 Qd5 18.Qh3 Bf6 19.c4 Qxd4 20.Bc3 Qh4 21.Qxh4 Bxh4 22.Bxa5 bxa5
23.c5 Bg5 24.c6 Ba8 25.Rc5 Rfd8 26.c7 Rd5 27.Rxd5 Bxd5 28.Rb1  1-0

[Event "RUS-ch m1-2"]
[Site "Elista"]
[Date "1997.05.23"]
[Round "2.2"]
[White "Epishin, Vladimir"]
[Black "Fominyh, Alexander"]
[Result "1/2-1/2"]
[WhiteElo "2600"]
[BlackElo "2545"]

1.d4 Nf6 2.Nf3 d5 3.c4 dxc4 4.e3 e6 5.Bxc4 c5 6.O-O a6 7.Bb3 cxd4 8.exd4 Nc6
9.Nc3 Be7 10.Bf4 O-O 11.Rc1 Na5 12.Bc2 b5 13.a4 b4 14.Ne4 Nd5 15.Bd2 Nc4
16.Bb3 Nxd2 17.Qxd2 Bb7 18.Ne5 Ra7 19.f4 g6 20.Rcd1 a5 21.Ng5 Ra6 22.Ne4 Ba8
23.Qe2 Ra7 24.Rd3 Nc7 25.Rc1 Nd5 26.Rf1 Nc7 27.Rc1  1/2-1/2

[Event "Villa Martelli"]
[Site "Villa Martelli"]
[Date "1997.06.05"]
[Round "5"]
[White "Slipak, Sergio"]
[Black "Spangenberg, Hugo"]
[Result "1/2-1/2"]
[WhiteElo "2505"]
[BlackElo "2550"]

1.d4 d5 2.c4 dxc4 3.Nf3 Nf6 4.e3 e6 5.Bxc4 c5 6.O-O a6 7.dxc5 Qxd1 8.Rxd1 Bxc5
9.b3 Nbd7 10.Bb2 b6 11.Nbd2 Bb7 12.Rac1 Ke7 13.Nd4 Rac8 14.Be2 Rhd8 15.Bf3 Bxf3
16.N2xf3 Nb8  1/2-1/2

[Event "Politiken Cup"]
[Site "Copenhagen"]
[Date "1997.07.13"]
[Round "8"]
[White "Thuesen, Mogens"]
[Black "Thorhallsson, Throstur"]
[Result "0-1"]
[WhiteElo "2235"]
[BlackElo "2510"]

1.d4 d5 2.c4 dxc4 3.Nf3 Nf6 4.e3 e6 5.Bxc4 c5 6.O-O a6 7.dxc5 Qa5 8.a3 Qxc5
9.Nbd2 b5 10.b4 Qb6 11.Bd3 Bb7 12.Bb2 Nbd7 13.Qe2 Bd6 14.e4 e5 15.Nh4 g6
16.Nb3 Rc8 17.Bc1 O-O 18.Be3 Qd8 19.Bg5 Be7 20.Na5 Ba8 21.Rfd1 Nh5 22.Bxe7 Qxe7
23.Nf5 Qe6 24.Qg4 Ndf6 25.Qg5 Bxe4 26.Ne7+ Qxe7 27.Bxe4 Nf4 28.Bc6 Qe6 29.Re1 Nd3
30.Re3 e4 31.Bb7 Rc7 32.Rf1 Kg7 33.Qh4 Re8 34.h3 Qf5 35.f3 Qe5 36.fxe4 g5
37.Qg3 Nf4 38.Rf2 Rc1+ 39.Rf1 Ne2+ 40.Rxe2 Rxf1+  0-1

[Event "MK Cafe op-A"]
[Site "Koszalin"]
[Date "1997.08.03"]
[Round "1"]
[White "Mazalon, Mariusz"]
[Black "Estrada Nieto, Julian"]
[Result "1/2-1/2"]
[WhiteElo "2220"]
[BlackElo "2420"]

1.d4 d5 2.c4 dxc4 3.Nf3 Nf6 4.e3 e6 5.Bxc4 c5 6.Qe2 a6 7.dxc5 Bxc5 8.O-O Nc6
9.Nbd2 O-O 10.e4 e5 11.h3 b5 12.Nb3 Bd6 13.Bd3 Nb4 14.Bb1 Be6 15.Rd1 Qc7
16.Bg5 Be7 17.Rc1 Bc4 18.Qe1 Qd6 19.Na5 Rac8 20.a3 Nc6 21.Nxc4 bxc4 22.Ba2 Nd4
23.Bxc4 Nxf3+ 24.gxf3 h6 25.Bxf6  1/2-1/2

[Event "MK Cafe op-A"]
[Site "Koszalin"]
[Date "1997.08.04"]
[Round "2"]
[White "Romanishin, Oleg M"]
[Black "Mirzoev, Azer"]
[Result "1-0"]
[WhiteElo "2550"]
[BlackElo "2430"]

1.d4 d5 2.Nf3 Nf6 3.c4 dxc4 4.e3 c5 5.Bxc4 e6 6.O-O a6 7.Bb3 cxd4 8.exd4 Nc6
9.Nc3 Be7 10.Bf4 O-O 11.Rc1 Bd7 12.Re1 Rc8 13.a3 b5 14.d5 exd5 15.Nxd5 Nxd5
16.Bxd5 Bf6 17.b4 Ne7 18.Bb3 Rxc1 19.Qxc1 Ng6 20.Bg5 Bg4 21.Bxf6 Qxf6 22.Ng5 h6
23.Ne4 Qd4 24.h3 Bc8 25.Qc7 Ne5 26.Qd6 Qb2 27.Nd2 Nd7 28.Re7 Nf6 29.Rxf7 Rxf7
30.Qd8+ Kh7 31.Bxf7 Bf5 32.g4 Bc2 33.Qc8 Bd3 34.Nf3 Be4 35.g5 Qb1+ 36.Kh2 Bxf3
37.g6+  1-0

[Event "Budapest FS08 GM"]
[Site "Budapest"]
[Date "1997.08.05"]
[Round "4"]
[White "Lukacs, Peter"]
[Black "Almasi, Istvan"]
[Result "1/2-1/2"]
[WhiteElo "2520"]
[BlackElo "2430"]

1.d4 d5 2.c4 dxc4 3.Nf3 Nf6 4.e3 e6 5.Bxc4 c5 6.O-O a6 7.a4 Nc6 8.Qe2 cxd4
9.Rd1 Be7 10.exd4 O-O 11.Nc3 Nd5 12.Bb3 b6 13.Qe4 Ncb4 14.Ne5 Bb7 15.Qg4 f5
16.Qe2 Bf6 17.Bd2 Qd6 18.Rac1 Bxe5 19.dxe5 Qe7 20.Nxd5 Nxd5 21.Rc4 f4 22.Qg4 Rf5
23.Bxf4 h5 24.Qg3 Raf8 25.Be3 Nxe3 26.Qxe3 Rxf2 27.Rc2 Rxc2 28.Bxc2 Bd5 29.h3  1/2-1/2

[Event "Montecatini Terme op"]
[Site "Montecatini Terme"]
[Date "1997.08.05"]
[Round "5"]
[White "Gleizerov, Evgeny"]
[Black "Gentilleau, Jean Philippe"]
[Result "1-0"]
[WhiteElo "2560"]
[BlackElo "2230"]

1.d4 d5 2.c4 dxc4 3.e3 Nf6 4.Bxc4 e6 5.Nf3 c5 6.Qe2 a6 7.dxc5 Bxc5 8.O-O O-O
9.e4 Nc6 10.e5 Nd5 11.Bd3 Be7 12.Rd1 Bd7 13.Qe4 f5 14.exf6 Nxf6 15.Qe2 Nb4
16.Bc4 Nbd5 17.Nc3 Kh8 18.Bg5 Nxc3 19.bxc3 Qc8 20.a4 Bc5 21.Bh4 Nd5 22.Qd3 Rf4
23.Bb3 Be8 24.Bg3 Rf5 25.Re1 Bf7 26.Ne5 Bg8 27.Rac1 Qf8 28.Rc2 Rd8 29.Rd2 Bb6
30.Qc2 Qc5 31.Nc4 Ba7 32.Be5 Bb8 33.Bxb8 Rxb8 34.Ne5 Nf6 35.Rde2 Rc8 36.c4 b5
37.axb5 axb5 38.cxb5 Qxc2 39.Rxc2 Ra8 40.g3 Nd5 41.Nc6  1-0

[Event "BCF-ch"]
[Site "Hove"]
[Date "1997.08.07"]
[Round "4"]
[White "Bates, Richard"]
[Black "Mortazavi, Ali"]
[Result "1-0"]
[WhiteElo "2345"]
[BlackElo "2390"]

1.d4 Nf6 2.Nf3 d5 3.c4 dxc4 4.e3 e6 5.Bxc4 c5 6.O-O a6 7.Qe2 b5 8.Bd3 cxd4
9.exd4 Be7 10.a4 b4 11.Nbd2 Bb7 12.a5 O-O 13.Nc4 Nbd7 14.Bf4 Nd5 15.Bg3 N7f6
16.Nfe5 Rc8 17.Nd2 Nc7 18.Ndf3 Qd5 19.Rfe1 Nb5 20.Rad1 Nxd4 21.Bxh7+ Nxh7
22.Rxd4 Qxa5 23.Rd7 Bxf3 24.Qxf3 Bf6 25.Nxf7 Bxb2 26.Qe2 Nf6 27.Nd6 Rc1 28.Qxe6+ Kh7
29.Rxc1 Bxc1 30.Nc4 Qh5 31.Re7 b3 32.h3 b2 33.Rb7 Re8 34.Qxf6 Bh6 35.Nxb2 Qd5
36.Qf3 Re4 37.Rf7 a5 38.Qf5+ Qxf5 39.Rxf5 Bd2 40.Rh5+ Kg6 41.Rh4  1-0

[Event "MK Cafe op-A"]
[Site "Koszalin"]
[Date "1997.08.07"]
[Round "6"]
[White "Kosiorek, Marek"]
[Black "Estrada Nieto, Julian"]
[Result "1/2-1/2"]
[WhiteElo "2255"]
[BlackElo "2420"]

1.d4 d5 2.c4 dxc4 3.Nf3 Nf6 4.e3 e6 5.Bxc4 c5 6.O-O a6 7.a4 Nc6 8.Nc3 Qc7
9.Qe2 Bd6 10.Rd1 O-O 11.dxc5 Bxc5 12.h3 b6 13.e4 Nh5 14.Be3 Ne5 15.Ba2 Bb7
16.Nd4 Nf6 17.Rac1 Qe7 18.f4 Ng6 19.e5 Ne4 20.Nxe4 Bxe4 21.Nxe6 fxe6 22.Bxc5 bxc5
23.Qxe4 Nxf4 24.Kh2 Rab8 25.Rc2 Rb4 26.Bc4 Nd5 27.Qe2 Rd8 28.Rcd2 Rxa4 29.Bxd5 exd5
30.Rxd5 Rxd5 31.Rxd5 h6 32.Qc2 Rf4 33.Qxc5 Qxc5 34.Rxc5 Rf2 35.b4 Rb2 36.Rc4 Re2
37.Rc6 Re4 38.Rb6 h5 39.Kg3 h4+ 40.Kf3 Rxe5 41.Rxa6 Rb5 42.Ra4 Rf5+ 43.Kg4 Rf2
44.g3 hxg3 45.Kxg3 Rb2 46.Ra8+ Kh7 47.Rb8 Kg6 48.Kf4 Rb3 49.Kg4 Rb1 50.Rb6+ Kh7
51.b5 Rg1+ 52.Kh4 g6 53.Rc6 Kh6 54.b6 Rb1 55.Kg3 Rb3+ 56.Kg4 Rb4+ 57.Kf3 Rb3+
58.Ke4 Rxh3 59.Kd5 Rb3 60.Kd6 g5 61.Kc7+ Kh5 62.b7 Rxb7+ 63.Kxb7 g4 64.Rc1 g3
65.Kc6 Kg4 66.Kd5 Kf3 67.Rc3+ Kf4 68.Rc2 Kf3 69.Rc3+ Kf4  1/2-1/2

[Event "MK Cafe op-A"]
[Site "Koszalin"]
[Date "1997.08.09"]
[Round "8"]
[White "Praszak, Michal"]
[Black "Estrada Nieto, Julian"]
[Result "1-0"]
[WhiteElo "2265"]
[BlackElo "2420"]

1.d4 d5 2.c4 dxc4 3.e3 Nf6 4.Bxc4 e6 5.Nf3 c5 6.O-O a6 7.Bb3 b5 8.a4 b4 9.Nbd2 Bb7
10.e4 cxd4 11.e5 Nd5 12.Nc4 Be7 13.Bg5 O-O 14.Nd6 Bxg5 15.Nxb7 Qe7 16.Nxg5 Qxg5
17.Bxd5 exd5 18.Qxd4 Nc6 19.Qxd5 Ne7 20.Qe4 Qd2 21.Rab1 Qd5 22.Qxd5 Nxd5
23.Rfd1 Nb6 24.b3 Ra7 25.Nc5 a5 26.f4 Rc7 27.Ne4 h6 28.Rd6 Nd7 29.Rd5 Ra8
30.Rbd1 Raa7 31.Kf2 Kf8 32.R1d2 Ke7 33.Nd6 Nc5 34.Nf5+ Ke6 35.Nxg7+ Ke7 36.Nf5+ Ke6
37.Rd6+ Kxf5 38.Kf3 Ne6 39.g4+ Kg6 40.f5+ Kg7 41.fxe6 fxe6 42.R2d3 Rc2 43.Kg3 Re7
44.h3 Re2 45.Rd7 Rxd7 46.Rxd7+ Kg6 47.Kf4 Rf2+ 48.Kg3 Re2 49.h4 h5 50.gxh5+ Kxh5
51.Kf4 Rh2 52.Re7 Rxh4+ 53.Kg3 Rd4 54.Rxe6 Rd3+ 55.Kf4 Rxb3 56.Ra6 Rb1 57.Rxa5 Kg6
58.Ke4 b3 59.Kd3 Rd1+ 60.Kc3 Rb1 61.Rb5 Kf5 62.a5 Ke6 63.Rxb3 Ra1 64.Rb5 Ra4
65.Kb3 Ra1 66.Kb4 Ra2 67.Kc5 Kxe5 68.Kb6+ Kd4 69.a6 Rh2 70.a7 Rh6+ 71.Ka5 Rh1
72.Rb4+  1-0

[Event "Rubinstein mem 34th"]
[Site "Polanica Zdroj"]
[Date "1997.08.23"]
[Round "5"]
[White "Aleksandrov, Aleksej"]
[Black "Kaminski, Marcin"]
[Result "1-0"]
[WhiteElo "2660"]
[BlackElo "2540"]

1.d4 d5 2.c4 dxc4 3.Nf3 Nf6 4.e3 e6 5.Bxc4 c5 6.O-O a6 7.e4 b5 8.Bd3 Bb7
9.Bg5 h6 10.Bxf6 Qxf6 11.a4 b4 12.Nbd2 cxd4 13.a5 e5 14.Rc1 Bd6 15.Qa4+ Nd7
16.Nc4 Rd8 17.Nb6 Qe7 18.Nd5 Bxd5 19.exd5 O-O 20.Rfe1 Nc5 21.Qc2 b3 22.Qe2 Rfe8
23.Nd2 Nxd3 24.Qxd3 Bb4 25.Rcd1 Rxd5 26.Qxa6 Rxa5 27.Qc4 Bxd2 28.Rxd2 Qe6
29.Qb4 Rea8 30.f4 Ra1 31.Re2 Rxe1+ 32.Rxe1 f6 33.fxe5 fxe5 34.Qxd4 exd4 35.Rxe6 Ra1+
36.Kf2 Ra2 37.Re2 Ra1 38.Rd2 Rc1 39.Ke2 Kf7 40.Rxd4 Rb1 41.Rd2 Ke6 42.Kd3 Rc1
43.Ke3 Re1+ 44.Re2 Rh1 45.Kd4+ Kf5 46.Kc3 Kf4 47.h3 Kg3 48.Kxb3 g5 49.Ka2 h5
50.b4 g4 51.hxg4 hxg4 52.Rb2 Rh5 53.Kb3 Kh2 54.Kc4 g3 55.b5 Rh4+ 56.Kd3 Rf4
57.b6 Rf2 58.Kc3 Rf8 59.b7  1-0

[Event "Chania op 7th"]
[Site "Chania"]
[Date "1997.09.05"]
[Round "3"]
[White "Halkias, Stelios"]
[Black "Vlahakis, Nektarios"]
[Result "1-0"]
[WhiteElo "2385"]
[BlackElo "2130"]

1.d4 d5 2.c4 dxc4 3.Nf3 Nf6 4.e3 e6 5.Bxc4 c5 6.O-O a6 7.a3 b5 8.Ba2 Bb7
9.Nc3 Nbd7 10.Re1 Qb8 11.e4 cxd4 12.Nd5 Bd6 13.Nxf6+ Nxf6 14.e5 Bxf3 15.Qxf3 Bxe5
16.Rxe5 Qxe5 17.Qxa8+ Ke7 18.Qb7+ Nd7 19.Bd2 Rb8 20.Bb4+ Kd8 21.Qxa6 Qe2
22.Re1 Qxb2 23.Ba5+ Ke8 24.Bxe6  1-0

[Event "Budapest FS09 IM"]
[Site "Budapest"]
[Date "1997.09.15"]
[Round "10"]
[White "Lehmann, Zoltan"]
[Black "Le Thi Phuong Lien"]
[Result "1/2-1/2"]
[WhiteElo "2275"]
[BlackElo "2265"]

1.d4 d5 2.c4 dxc4 3.Nf3 Nf6 4.e3 e6 5.Bxc4 c5 6.Qe2 a6 7.dxc5 Bxc5 8.O-O O-O
9.e4 Qc7 10.e5 Nfd7 11.Qe4 b5 12.Bd3 f5 13.exf6 Nxf6 14.Qh4 e5 15.Nc3 Bb7
16.Ng5 h6 17.Nge4 Nxe4 18.Nxe4 Bd4 19.Rb1 Nd7 20.Qg3 Nf6 21.Nxf6+ Rxf6 22.Be3 Qb6
23.Bxd4 Qxd4 24.Rfd1 Qb6 25.Qe3 Qxe3 26.fxe3 Rc8 27.Rd2 Rfc6 28.Kf2 Kf8 29.Kg3 Rd8
30.Rf2+ Rf6 31.Rxf6+ gxf6 32.Rd1 Ke7 33.Kf2 Be4 34.Be2 Rxd1 35.Bxd1 b4 36.Bf3 Bb1
37.Bd5 Kd6 38.Bf7 Be4 39.g4 a5  1/2-1/2

[Event "RUS-ch (Women)"]
[Site "Elista"]
[Date "1997.09.23"]
[Round "5"]
[White "Ovchinikova, Julia"]
[Black "Ruchieva, Natalia"]
[Result "0-1"]
[WhiteElo "2240"]
[BlackElo "2260"]

1.d4 d5 2.c4 dxc4 3.Nf3 Nf6 4.e3 e6 5.Bxc4 c5 6.Qe2 a6 7.dxc5 Bxc5 8.O-O b5
9.Bb3 Bb7 10.a4 b4 11.Nbd2 Nbd7 12.a5 O-O 13.Bc4 Qc7 14.b3 Ne5 15.Nxe5 Qxe5
16.Ra2 Nd5 17.Nf3 Qf6 18.Bb2 Nc3 19.Bxc3 Qxc3 20.Qb2 Qxb2 21.Rxb2 Rfd8 22.Rc1 Be7
23.Kf1 Bf6 24.Rd2 Rxd2 25.Nxd2 Rc8 26.Rc2 Bd8 27.Bd3 Rxc2 28.Bxc2 Bxa5 29.Ke2 Bxg2
30.Kd3 Bc7 31.h4 h5 32.Kc4 Bd8 33.Kxb4 Bxh4 34.Be4 Bxe4 35.Nxe4 f5 36.Nc5  0-1

[Event "RUS-ch (Women)"]
[Site "Elista"]
[Date "1997.09.29"]
[Round "11"]
[White "Prudnikova, Svetlana"]
[Black "Ruchieva, Natalia"]
[Result "1-0"]
[WhiteElo "2385"]
[BlackElo "2260"]

1.Nf3 d5 2.d4 Nf6 3.c4 dxc4 4.e3 e6 5.Bxc4 c5 6.Qe2 a6 7.dxc5 Bxc5 8.O-O b5
9.Bd3 Nbd7 10.a4 b4 11.Nbd2 Bb7 12.e4 Qc7 13.Nb3 Bd6 14.Bd2 Ng4 15.h3 Nge5
16.Rac1 Qd8 17.Bb1 Nxf3+ 18.Qxf3 O-O 19.Rfd1 Rc8 20.Rxc8 Bxc8 21.Bf4 Bxf4
22.Qxf4 e5 23.Qd2 Qf6 24.Qxb4 Qg5 25.Qd2 Qh5 26.Re1 Nf6 27.Re3 Qg5 28.Rg3 Qh4
29.Qg5 Qxg5 30.Rxg5 Be6 31.Nc5 Rc8 32.Rxe5 Nd7 33.Nxd7 Rc1+ 34.Kh2 Rxb1 35.Nc5 Rxb2
36.f4 g6 37.Nxe6 fxe6 38.Rxe6 Rb4 39.a5 Ra4 40.Rxa6 Rxe4 41.Kg3 Re2 42.Ra7 Ra2
43.a6 Ra3+ 44.Kf2 h5 45.g3 h4 46.g4 Kf8 47.Ke2 Ke8 48.Ra8+ Kf7 49.a7 Kg7
50.f5  1-0

[Event "ESP-ch"]
[Site "Torrevieja"]
[Date "1997.10.01"]
[Round "4"]
[White "Bernal Moro, Luis Javier"]
[Black "Magem Badals, Jorge"]
[Result "1/2-1/2"]
[WhiteElo "2430"]
[BlackElo "2550"]

1.d4 d5 2.c4 dxc4 3.Nf3 Nf6 4.e3 e6 5.Bxc4 c5 6.Qe2 cxd4 7.exd4 Nc6 8.O-O Be7
9.Rd1 O-O 10.Nc3 Na5 11.Bd3 b6 12.Ne5 Bb7 13.Qe3 g6 14.Qg3 Nh5 15.Qg4 Nf6
16.Qg3 Nh5 17.Qg4 Nf6  1/2-1/2

[Event "WchT 4th"]
[Site "Luzern"]
[Date "1997.10.28"]
[Round "4"]
[White "Lalic, Bogdan"]
[Black "Arencibia, Walter"]
[Result "1/2-1/2"]
[WhiteElo "2600"]
[BlackElo "2550"]

1.d4 d5 2.c4 dxc4 3.Nf3 e6 4.e3 Nf6 5.Bxc4 c5 6.O-O a6 7.Bb3 Nc6 8.Qe2 cxd4
9.Rd1 Be7 10.exd4 Na5 11.Bc2 b5 12.Nc3 Bb7 13.Bg5 O-O 14.Bxf6 Bxf6 15.Be4 Qb6
16.Rd3 g6 17.h4 Rad8 18.Bxb7 Nxb7 19.Ne4 Bg7 20.h5 Nd6 21.hxg6 hxg6 22.Ng3 Rc8
23.Rad1 Rfe8 24.b3 Qb7 25.Ne5 Qd5 26.Ng4 Re7 27.Qd2 Rec7 28.Qf4 Rc3 29.Rxc3 Rxc3
30.Ne3 Qc6 31.d5 e5 32.dxc6 exf4 33.Nd5 Rc5 34.Ne2 Be5 35.c7 Kg7 36.Nexf4 Bxf4
37.Nxf4 Ne8 38.Rd8 Nxc7 39.Rc8 a5 40.Kf1  1/2-1/2

[Event "WchT 4th"]
[Site "Luzern"]
[Date "1997.10.31"]
[Round "7"]
[White "Vera, Reynaldo"]
[Black "Sadler, Matthew"]
[Result "0-1"]
[WhiteElo "2530"]
[BlackElo "2665"]

1.d4 d5 2.c4 dxc4 3.e3 Nf6 4.Bxc4 e6 5.Nf3 c5 6.O-O a6 7.Bb3 cxd4 8.exd4 Nc6
9.Nc3 Be7 10.Bf4 O-O 11.Rc1 Na5 12.Bc2 b5 13.Ne4 Nd5 14.Bg5 Bxg5 15.Nexg5 Nf6
16.Qd3 g6 17.Ne5 Bb7 18.Rcd1 Bd5 19.Qh3 Kg7 20.Rd3 Rc8 21.Bb1 Bc4 22.Rg3 Qxd4
23.Nexf7 Rxf7 24.Nxh7 Nxh7 25.Bxg6 Nf6 26.Bd3+ Kf8 27.Qh8+ Ke7 28.Qxc8 Bxd3
29.Re1 Nd7 30.Rge3 Bc4 31.b3 Bd5 32.Qxa6 Nc6 33.Qxb5 Nce5 34.h3 Rg7  0-1

[Event "Budapest FS11 IM-A"]
[Site "Budapest"]
[Date "1997.11.02"]
[Round "1"]
[White "Eperjesi, Laszlo"]
[Black "Gonzalez Garcia, Jose"]
[Result "1/2-1/2"]
[WhiteElo "2340"]
[BlackElo "2420"]

1.d4 d5 2.c4 dxc4 3.Nf3 Nf6 4.e3 e6 5.Bxc4 c5 6.O-O a6 7.dxc5 Qxd1 8.Rxd1 Bxc5
9.b3 b5 10.Be2 Bb7 11.Bb2 Nc6 12.Nbd2  1/2-1/2

[Event "RUS-Cup01 Chigorin mem"]
[Site "St Petersburg"]
[Date "1997.11.04"]
[Round "4"]
[White "Tunik, Gennady"]
[Black "Polovnikova, Ekaterina"]
[Result "1/2-1/2"]
[WhiteElo "2450"]
[BlackElo "2270"]

1.d4 d5 2.c4 dxc4 3.Nf3 Nf6 4.e3 e6 5.Bxc4 c5 6.O-O a6 7.Bb3 Nc6 8.Nc3 Be7
9.dxc5 Bxc5 10.Qxd8+ Kxd8 11.Bd2 Ke7 12.Rfc1 Ba7 13.Ne2 Rd8 14.Bc3 Bd7 15.Nf4 Rac8
16.Rd1 Be8 17.h3 g6 18.Bc2 Bb6 19.Rxd8 Rxd8 20.Rb1 Rc8 21.g4 h6 22.Bd3 Na7
23.Rc1 Bc6 24.Ne5 Nd5 25.Nxc6+ Nxc6 26.Nxd5+ exd5 27.Bg7 h5 28.gxh5 gxh5
29.Bc3 Ke6 30.Be2 h4 31.Bf3 f5 32.Rd1 Ne7 33.Kf1 Bc5 34.a4 Bd6 35.Rd4 Be5
36.Rxh4 Bxc3 37.bxc3 Rxc3 38.Rb4 Ra3 39.h4 Nc6 40.Rxb7 Rxa4 41.h5 a5 42.Rb5 Ne7
43.Kg2 f4 44.exf4 Rxf4 45.Rxa5 Rf8 46.Bg4+ Ke5 47.f3 Kf4 48.Ra7 Nf5 49.Rd7 Ne3+
50.Kh3 Rf6 51.Rd8 Rf7 52.Rd6 Ra7 53.Rf6+ Kg5 54.Rg6+ Kf4 55.Rg8 Rf7 56.Be6 Rf6
57.Rg6 Ke5  1/2-1/2

[Event "Bayern-chI Bank Hofmann"]
[Site "Bad Wiessee"]
[Date "1997.11.17"]
[Round "3"]
[White "Goy, Udo"]
[Black "Mesropov, Konstantin"]
[Result "0-1"]
[WhiteElo "2190"]
[BlackElo "2430"]

1.d4 d5 2.Nf3 Nf6 3.c4 dxc4 4.e3 e6 5.Bxc4 c5 6.O-O a6 7.Nc3 Nc6 8.Qe2 Qc7
9.Rd1 Bd6 10.dxc5 Bxc5 11.h3 O-O 12.e4 Nd7 13.a3 Nde5 14.Bf4 Bd6 15.Nxe5 Nxe5
16.Ba2 Nf3+ 17.Qxf3 Bxf4 18.g3 Be5 19.Rac1 Qe7 20.Qd3 b5 21.f4 Bb8 22.e5 Qc5+
23.Kg2 Bb7+ 24.Ne4 Qb6 25.Bb1 Ba7 26.Kh2 Bxe4 27.Qxe4 g6 28.h4 Rad8 29.h5 Kg7
30.Kh3 Rxd1 31.Rxd1 Rd8 32.Rxd8 Qxd8 33.Qb7 Qd1 34.h6+ Kxh6 35.Be4 Qh5+ 36.Kg2 Qe2+
37.Kh3 Bg1 38.Qxf7 Qh2+ 39.Kg4 Qh5+  0-1

[Event "Maroczy mem"]
[Site "Szeged"]
[Date "1997.11.22"]
[Round "9"]
[White "Atalik, Suat"]
[Black "Lalic, Bogdan"]
[Result "1/2-1/2"]
[WhiteElo "2590"]
[BlackElo "2600"]

1.d4 d5 2.c4 dxc4 3.e3 e6 4.Bxc4 Nf6 5.Nf3 c5 6.O-O a6 7.a3 b5 8.Ba2 Bb7
9.Nc3 Nbd7 10.Qe2 Qb8 11.e4 cxd4 12.Nxd4 Bc5 13.Nb3 Bb6 14.Be3 Bxe3 15.Qxe3 Qa7
16.Qxa7 Rxa7 17.f3 Ke7 18.Rac1  1/2-1/2

[Event "Alushta"]
[Site "Alushta"]
[Date "1997.??.??"]
[Round "1"]
[White "Moskalenko, Viktor"]
[Black "Onoprienko, Vladimir"]
[Result "1/2-1/2"]
[WhiteElo "2485"]
[BlackElo "2295"]

1.d4 d5 2.c4 dxc4 3.Nf3 Nf6 4.e3 e6 5.Bxc4 c5 6.O-O Nc6 7.dxc5 Qxd1 8.Rxd1 Bxc5
9.a3 a6 10.b4 Be7 11.Bb2 O-O 12.Nbd2 b5 13.Bd3 Bb7 14.Ne4 Nxe4 15.Bxe4 Rfd8
16.Rxd8+ Rxd8 17.Rc1 f5  1/2-1/2

[Event "Alushta-C"]
[Site "Alushta"]
[Date "1997.??.??"]
[Round "3"]
[White "Retinsky, Vladimir"]
[Black "Arakelian, Eduard"]
[Result "1/2-1/2"]
[WhiteElo "2440"]
[BlackElo "2415"]

1.d4 d5 2.c4 dxc4 3.Nf3 Nf6 4.e3 e6 5.Bxc4 c5 6.O-O a6 7.a4 Nc6 8.Qe2 Qc7
9.Nc3 Be7 10.dxc5 Bxc5 11.e4 Ng4 12.g3 O-O 13.Bf4 e5 14.Nd5 Qd6 15.Bd2 Nf6
16.Bc3 Bg4 17.Qd3 Rad8 18.Rfd1 Nxd5 19.Bxd5 Qf6 20.Kg2 Ne7 21.h3 Nxd5 22.exd5 Bxf3+
23.Qxf3 Qxf3+ 24.Kxf3 Bd6 25.Re1 f6 26.Rac1 Kf7 27.h4 Rc8 28.Bd2 Ke7 29.g4 Kd7
30.Rxc8 Rxc8 31.Rc1 Rf8 32.Ke2 f5 33.f3 g6 34.b4 e4 35.h5 exf3+ 36.Kxf3 fxg4+
37.Kxg4 Rf7 38.Rh1  1/2-1/2

[Event "Andorra op"]
[Site "Andorra"]
[Date "1997.??.??"]
[Round "8"]
[White "Komljenovic, Davor"]
[Black "Josenhans, Daniel"]
[Result "1-0"]
[WhiteElo "2460"]
[BlackElo "2160"]

1.d4 d5 2.c4 dxc4 3.e3 c5 4.Bxc4 e6 5.Nf3 Nf6 6.O-O Nbd7 7.Nc3 Be7 8.Qe2 a6
9.a4 b6 10.d5 exd5 11.Nxd5 Nxd5 12.Bxd5 Rb8 13.e4 Qc7 14.e5 Nf8 15.Bc4 Qb7
16.Ng5 Bxg5 17.Bxg5 Ne6 18.Bd2 b5 19.axb5 axb5 20.Bd3 Nd4 21.Qe3 Bd7 22.b4 Nb3
23.Be4 Qxe4 24.Qxe4 Nxd2 25.Qf4 Nxf1 26.e6  1-0

[Event "Ankara"]
[Site "Ankara"]
[Date "1997.??.??"]
[Round "7"]
[White "Arduman, Can"]
[Black "Karpatchev, Aleksandr"]
[Result "0-1"]
[WhiteElo "2405"]
[BlackElo "2390"]

1.d4 d5 2.c4 dxc4 3.Nf3 Nf6 4.e3 e6 5.Bxc4 c5 6.O-O a6 7.Bb3 Nc6 8.dxc5 Qxd1
9.Rxd1 Bxc5 10.Nc3 Bd7 11.Bd2 Na5 12.Ne5 Nxb3 13.axb3 O-O 14.Nxd7 Nxd7 15.Ne4 Be7
16.Bc3 Rfd8 17.Kf1 f5 18.Nd2 Nc5 19.Bd4 Rd5 20.b4 Nd7 21.Bc3 Nb6 22.Nb3 Rad8
23.Rxd5 Rxd5 24.Ke2 Kf7 25.Rc1 Rd7 26.Nd4 Rd5 27.Nb3 g6 28.Bd2 Ke8 29.Na5 Rxd2+
30.Kxd2 Bxb4+ 31.Ke2 Bxa5 32.Rc7 Nd7 33.Rxb7 Bb6  0-1

[Event "Bad Zwesten op"]
[Site "Bad Zwesten"]
[Date "1997.??.??"]
[Round "7"]
[White "Menk, Rolf"]
[Black "Levin, Felix"]
[Result "1/2-1/2"]
[WhiteElo "2195"]
[BlackElo "2485"]

1.Nf3 d5 2.d4 Nf6 3.c4 dxc4 4.e3 e6 5.Bxc4 c5 6.O-O a6 7.dxc5 Bxc5 8.Qxd8+ Kxd8
9.a3 b5 10.Be2 Bb7 11.b4 Bd6 12.Bb2 Nbd7 13.Nbd2 Ke7 14.Nb3 Bd5 15.Nfd2 Nb6
16.Bf3 Bxf3 17.gxf3 Na4 18.Bxf6+ gxf6 19.f4 Rhg8+ 20.Kh1 f5 21.Rg1 Rxg1+
22.Rxg1 Rc8 23.Rc1 Rxc1+ 24.Nxc1 e5 25.fxe5 Bxe5 26.Nd3 Bc3 27.Nb1 Kd6 28.Nxc3 Nxc3
29.Nc5 Nb1 30.Nxa6 f4 31.Kg2 fxe3 32.fxe3 Nxa3 33.Kf3 Kd5 34.Kf4 Nc2 35.Nc7+ Kc6
36.Nxb5 Kxb5 37.Kf5 Nxe3+ 38.Kf6 h5 39.Kxf7  1/2-1/2